Mondes de la saga Kingdom Hearts - Statistiques

Statistiques générales
  • Ce quiz a été pris 151 fois
  • Le résultat moyen est 24 sur 49
Statistiques - réponses
Visitable dans Monde % Correct
I CoM Cod DDD Ville de Traverse
80%
I CoM II 358 Cod X Unch Union DR Agrabah
77%
I CoM Cod DDD DR Îles du Destin
76%
I CoM Monstro
74%
I CoM 358 Cod X Unch Union DR Pays des Merveilles
70%
CoM II 358 III Cité du Crépuscule
69%
I Jungle Profonde
67%
I CoM II Cod Forteresse Oubliée
66%
I CoM 358 BbS Pays Imaginaire
65%
I CoM II Atlantica
63%
I CoM II 358 Ville d'Halloween
63%
III L'Olympe
62%
II 358 X Unch Union DR Château de la Bête
61%
II 358 DDD Illusiopolis
60%
II BbS Re:Mind Jardin Radieux
60%
III Arendelle
59%
I CoM II 358 BbS Cod X Unch Union DR Colisée de l'Olympe
58%
BbS X III Re:Mind DR Nécropole des Keyblades
55%
II Port Royal
55%
I Fin du Monde
53%
II Terre des Lions
53%
III Monstropolis
51%
I CoM II III Forêt des Rêves Bleus
50%
CoM Cod Manoir Oblivion
50%
II Terre des Dragons
50%
II Château Disney
49%
III San Fransokyo
49%
III Royaume de Corona
48%
III Coffre à Jouets
45%
BbS III DR Contrée du Départ
45%
III Re:Mind DR Scala Ad Caelum
45%
III Caraïbes
43%
DDD La Grille
43%
DDD Cité des Cloches
40%
BbS Espace Profond
40%
II Space Paranoids
40%
II Rivière Intemporelle
39%
BbS X Unch Union DR Forêt des Nains
37%
BbS Tour Mystérieuse
37%
BbS Union DR Domaine Enchanté
35%
DDD Pays des Mousquetaires
35%
BbS Disneyville
33%
BbS Unch Union Palais des Rêves
31%
III Monde Final
29%
DDD Paradis des Garnements
26%
DDD Symphonie du Sorcier
26%
X Unch Union Ville de l'Aube
22%
0.2 III DR Domaine des Ténèbres
14%
Union Game Central Station
9%
Aucun quiz correspondant
Distribution des résultats
% des personnes avec chaque résultat
Percentile par nombre de réponses
Votre historique - résultats
Vous n’avez pas pris ce quiz